000 00529nam a2200181 i 4500
001 95669
003 ES-MaACL
005 20230906181742.0
007 t|
008 050602s1970 sp ||||1| spa d
100 1 _aLloyd, Alan.
_972948
245 1 0 _aEspaña a través de los siglos /
_cpor Alan Lloyd; [traducción de Enrique de Juan].
250 _a[1ª ed.].
260 _aBarcelona :
_bPlaza & Janés,
_c1970.
300 _a384 p. ;
_c24 cm.
700 1 _aJuan, Enrique de.
_967090
852 _aES-MaACL
_jC-41348
_bR.75431
999 _c95669
_d95669